Properties and performance of stone mastic asphalt reinforced with glass fibers /
Saved in:
| Main Author: | |
|---|---|
| Format: | Thesis Book |
| Language: | English |
| Published: |
2008.
|
| Subjects: | |
| Tags: |
Add Tag
No Tags, Be the first to tag this record!
|
| LEADER | 01070cam a2200265 a 4500 | ||
|---|---|---|---|
| 001 | u767272 | ||
| 003 | SIRSI | ||
| 005 | 200903171516 | ||
| 008 | 090317s2008 my t 000 0 eng m | ||
| 040 | |a UMM |d UMJ | ||
| 090 | |a TA145 |b UMP 2008 Abd | ||
| 097 | |a TA145 |b UMP 2008 Abd | ||
| 100 | 2 | |a Abdelaziz, Mahrez. | |
| 245 | 1 | 0 | |a Properties and performance of stone mastic asphalt reinforced with glass fibers / |c Mahrez Abdelaziz. |
| 260 | |c 2008. | ||
| 300 | |a xxii, 243 p., [26] leaves : |b ill. ; |c 30 cm. | ||
| 502 | |a Thesis (Ph.D) -- Jabatan Kejuruteraan Awam, Fakulti Kejuruteraan, Universiti Malaya, 2008. | ||
| 504 | |a Includes bibliographical references. | ||
| 650 | 0 | |a Asphalt. | |
| 650 | 0 | |a Bituminous materials |x Testing. | |
| 710 | 2 | |a Universiti Malaya. |b Jabatan Kejuruteraan Awam. | |
| 900 | |a ZSA | ||
| 596 | |a 1 7 | ||
| 999 | |a TA145 UMP 2008 ABD |w LC |c 1 |i A513445982 |d 11/5/2011 |e 11/5/2011 |f 22/7/2009 |g 1 |l STACKS |m P01UTAMA |n 4 |r Y |s Y |t TESIS |u 22/7/2009 | ||
| 999 | |a TA145 UMP 2008 ABD |w LC |c 1 |i A513399015 |d 28/4/2010 |f 28/4/2010 |g 2 |l STACKS |m P07JURUTER |r Y |s Y |t TESIS |u 20/4/2010 | ||
